Finding Home : the Diniacopoulos family and collection /

محفوظ في:

المؤلف الرئيسي: Blumer, Nadine (مؤلف)

مؤلف مشترك: Concordia University (Montréal, Québec)

مؤلفون آخرون: Epstein, Clarence.

التنسيق: كتاب

اللغة: English

الموضوعات:

الوسوم: إضافة وسم

لا توجد وسوم, كن أول من يضع وسما على هذه التسجيلة!

رقم الطلب: N5230 .C32 D56

LEADER 01261namaa2200313 4500
003 OSt
005 20200412113925.0
008 130303s2017 quca g b 000 0 eng d
952 |0 0  |1 0  |2 lcc  |4 0  |6 N5230 C32 D56  |7 1  |9 1293  |a ARCE  |b ARCE  |d 2020-04-12  |l 0  |o N5230 .C32 D56  |p 1001639  |r 2020-04-12 00:00:00  |w 2020-04-12  |y BK 
999 |c 2668  |d 2668 
020 |a 9781525103230 
040 |c ARCE Library 
043 |a n-cn-qu 
050 0 4 |a N5230 .C32 D56 
100 1 |a Blumer, Nadine,  |e author  |9 26932 
245 1 0 |a Finding Home :  |b the Diniacopoulos family and collection /  |c Nadine Blumer ; with an afterword by Clarence Epstein. 
264 1 |a Montréal, Québec :  |b Concordia University,  |c 2017. 
300 |a 143 pages :  |b illustrations (some colour) ;  |c 23 cm. 
336 |a text  |b txt  |2 rdacontent 
337 |a unmediated  |b n  |2 rdamedia 
338 |a volume  |b nc  |2 rdacarrier 
504 |a Bibliographi : Pages 139-143. 
600 1 0 |a Diniacopoulos, Hélène Olga,  |d 1906-2000  |x Art collections. 
600 1 0 |a Diniacopoulos, Vincent,  |d 1886-1967  |x Art collections. 
650 0 |a Art objects  |x Collectors and collecting  |z Québec (Province)  |v Biography. 
700 1 |a Epstein, Clarence. 
710 2 |a Concordia University (Montréal, Québec)  |9 21765 
901 |a reviewed 
942 |c BK  |2 lcc